| 000 | 00328nam a22001337a 4500 | ||
|---|---|---|---|
| 020 | _a81-86332-77-4 | ||
| 082 |
_a001 _bKUM/G |
||
| 100 | _aKUMAR, HEMANT | ||
| 245 | _aGENERAL KNOWLEDGE CURRENT AFFAIRS AND WHO'S WHO | ||
| 260 |
_aDELHI _bNEW LIGHT PUBLISHERS |
||
| 300 | _a110 | ||
| 650 |
_aGENERAL KNOWLEDGE _zINDIA |
||
| 942 | _cBK | ||
| 999 |
_c6518 _d6518 |
||